LEADER 02122oam 2200493Ka 450 001 9910695891203321 005 20070507084259.0 035 $a(CKB)5470000002372875 035 $a(OCoLC)70905746 035 $a(EXLCZ)995470000002372875 100 $a20020708d2001 ua 0 101 0 $aeng 135 $aurcn||||||||| 181 $ctxt$2rdacontent 182 $cc$2rdamedia 183 $acr$2rdacarrier 200 10$aEndoscopic retrograde cholangiopancreatography (ERCP) for diagnosis and therapy$b[electronic resource] $eJanuary 1990 through September 2001, plus selected earlier citations : 1714 citations /$fprepared by Karen Patrias, Peggie S. Tillman, Frank A. Hamilton 210 1$aBethesda, Md. (8600 Rockville Pike, Bethesda 20894) :$cU.S. Dept. of Health and Human Services, Public Health Service, National Institutes of Health, National Library of Medicine, Reference Section,$d[2001] 215 $aviii, 111 pages $cdigital, PDF file 225 1 $aCurrent bibliographies in medicine ;$v2001-4 300 $aTitle from title screen. 300 $a"2001 December." 517 $aEndoscopic retrograde cholangiopancreatography 606 $aEndoscopic retrograde cholangiopancreatography$vBibliography 606 $aPancreatic duct$xRadiography$vBibliography 606 $aBiliary tract$xRadiography$vBibliography 606 $aCholangiopancreatography, Endoscopic Retrograde 608 $aBibliography. 608 $aBibliographies.$2lcgft 615 0$aEndoscopic retrograde cholangiopancreatography 615 0$aPancreatic duct$xRadiography 615 0$aBiliary tract$xRadiography 615 12$aCholangiopancreatography, Endoscopic Retrograde. 700 $aPatrias$b Karen$01351454 701 $aTillman$b Peggie S$01421297 701 $aHamilton$b Frank A$01401657 712 02$aNational Library of Medicine (U.S.).$bReference Section. 801 0$bINM 801 1$bINM 801 2$bGPO 906 $aBOOK 912 $a9910695891203321 996 $aEndoscopic retrograde cholangiopancreatography (ERCP) for diagnosis and therapy$93542153 997 $aUNINA LEADER 02578nam0 22005773i 450 001 SBL0098599 005 20251003044349.0 020 $aIT$b6810958 100 $a20150922d1968 ||||0itac50 ba 101 | $aita$cita 102 $ait 181 1$6z01$ai $bxxxe 182 1$6z01$an 183 1$6z01$anc$2RDAcarrier 200 1 $aˆLe ‰lettere di Beethoven$fraccolte, trascritte e tradotte con introduzione, appendici, note e indici a cura di Emily Anderson 210 $aTorino$cILTE$d1968 215 $aLXIII, 1739 p., [98] p. di tav.: ill., esempi musicali$d17 cm 300 $aTraduzione delle lettere: A. E. Howell , M. Gioia Alfieri; traduzione delle note: P. H. Coronedi, M. Pietrobon; revisione dei testi musicali: L. Cocchi 500 10$aˆThe ‰letters of Beethoven$3SBL0098600$9CFIV005324$925948 606 $aBEETHOVEN, LUDWIG : VAN$xLettere e carteggi$x1783-1807$2FIR$3NAPC126077$9I 606 $aBeethoven, Ludwig : van$xLettere$2FIR$3LO1C140184$9I 620 $aIT$dTorino$3LO1L003352 676 $a780.92$9MUSICA. PERSONE$v16 676 $a780.92$9COMPOSITORI$v17 676 $a780.92$9MUSICA. PERSONE$v21 676 $a780.92$9MUSICA. PERSONE$v23 676 $a836.7$9LETTERE TEDESCHE, 1832-1856$v21 696 $aCarteggi$aLettere 696 $aMissive$aEpistole 699 $aLettere e carteggi$xCarteggi$xLettere 699 $aLettere$yMissive 699 $aLettere$yEpistole 700 1$aBeethoven$b, Ludwig : van$3CFIV005324$4070$0533474 702 1$aCocchi$b, Luigi$f $3RAVV038560$4340 702 1$aGioia Alfieri$b, Michela$3SBLV017708$4730 702 1$aHowell$b, A. Ernest$3SBLV059460$4730 702 1$aAnderson$b, Emily$3SBLV059534$4220 702 1$aCoronedi$b, Paola H.$3SBLV061321$4730 702 1$aPietrobon$b, Massimo$3SBLV061322$4730 790 1$aBeethoven$b, Ludovic : van$3BVEV271489$zBeethoven, Ludwig : van 790 1$aBeethoven$b, Ludvig : van$3CFIV146894$zBeethoven, Ludwig : van 790 1$aBeethoven$b, Ludwig van$3TO0V620974$zBeethoven, Ludwig : van 801 3$aIT$bIT-000000$c20150922 850 $aIT-BN0095 $aIT-NA0079 $aIT-NA0059 901 $bNAP 01$cD $n$ 901 $bNAP BN$cL.P. $n$ 912 $aSBL0098599 950 0$aBiblioteca Centralizzata di Ateneo$d 01D (AR) 5 105$e 01AR 0070051055 VMA A4 1 v.$fY $h20230426$i20230426$lFondo Chiomenti$mEx Libris 977 $a 01$a BN$a CN 996 $aLetters of Beethoven$925948 997 $aUNISANNIO